000
00300nam a2200133Ia 4500
100
_a
National Productivity Council
942
_c
BK
654
_a
Layout
245
_a
Plant Layout in Japan
260
_b
National Productivity Council
_c
2001
082
_a
658.2
300
_a
136
546
_a
ENGLISH
999
_c
22780
_d
22780